Bioanalytika Analytická chémia v laboratorní medicíně

Gespeichert in:
Bibliographische Detailangaben
1. Verfasser: Chromý, Vratislav, 1937-
Weitere Verfasser: Fischer, Jiří, Havel, Josef, 1940-, Votava, Miroslav
Format: Buch
Sprache:Tschechisch
Veröffentlicht: Brno Masarykova univerzita v Brně 2002
Ausgabe:1. vyd.
Schlagworte:
Online-Zugang:Im OPAC anzeigen
Tags: Tag hinzufügen
Keine Tags, Fügen Sie das erste Tag hinzu!

MARC

LEADER 00000nam a2200000 a 4500
005 20260127134319.0
008 050630 2002 xr 000 0 cze d
020 |a 802102917X 
035 |a vtls008182098 
039 9 |a 200603270909  |b masnk01  |c 200510191010  |d mschk03  |y 200506301612  |z mschk03 
040 |a STUSCHK1  |b slo  |c STUSCHK1  |e AACR2 
100 1 |a Chromý, Vratislav,  |d 1937-   |9 656 
245 1 |a Bioanalytika  |b Analytická chémia v laboratorní medicíně 
250 |a 1. vyd. 
260 |a Brno  |b Masarykova univerzita v Brně  |c 2002 
300 |a 268 s. 
650 0 |a bioanalytika 
650 0 |a analytická chemie v medicíně 
700 1 |a Fischer, Jiří 
700 1 |a Havel, Josef,  |d 1940-  |9 1045 
700 1 |a Votava, Miroslav 
910 |a SCHK95 
919 |a 80-210-2917-X 
999 |c 9555  |d 9555